Ley 4/1989, de 27 de marzo, de Conservación de los Espacios Naturales y de la Flora y Fauna Silvestres
ISBN:
84-7398-678-4
Descripción Física:
37 p. ; 16 cm
Colección:
Biblioteca de Legislación. Serie Breve
MARC
| LEADER | 00000nam a2200000Ia 4500 | ||
|---|---|---|---|
| 001 | 14728 | ||
| 008 | 160829s9999 xx 000 0 cat d | ||
| 020 | |a 84-7398-678-4 | ||
| 080 | |a FU-2-70 | ||
| 100 | |a Espanya. Ley de Conservación de los Espacios Naturales y de la Flora y Fauna Silvestres (1989) |9 36148 | ||
| 245 | |a Ley 4/1989, de 27 de marzo, de Conservación de los Espacios Naturales y de la Flora y Fauna Silvestres | ||
| 250 | |a 1a ed. | ||
| 260 | |a Madrid : |b Civitas, DL 1989 | ||
| 300 | |a 37 p. ; |c 16 cm | ||
| 490 | |a Biblioteca de Legislación. Serie Breve | ||
| 650 | 0 | |a Espais naturals protegits |x Dret i legislació |z Espanya |9 36149 | |
| 650 | |a Flora |x Protecció |x Dret i legislació |x Espanya |9 36150 | ||
| 650 | |a Fauna |x Protecció |x Dret i legislació |x Espanya |9 36151 | ||
| 901 | |a Arxiu | ||
| 942 | |n 1 | ||
| 952 | |0 0 |1 0 |4 0 |6 FU270 |7 1 |9 47194 |a Arxiu |b Arxiu |d 2016-12-01 |l 0 |o FU-2-70 |p 14728 |r 2016-12-01 00:00:00 |w 2016-12-01 |y ARXIU | ||
| 999 | |c 50991 |d 50991 | ||